000 00410nam a22001937a 4500
003 UA-OsUOA
001 83132
007 ta
008 20120402b un ||||| |||| 00| 0 ukr d
100 _aColeman V.
942 _cBK
040 _aUA-OsUOA
_beng
_cUA-OsUOA
_dUA-OsUOA
245 _aStranger
955 _a3
041 _aeng
260 _bThe Coach House Press
_c1974
650 7 _2UDC
999 _c369443
_d369443